[Event "Extraliga CZE"]
[Site "Ostrava CZE"]
[Date "2000.01.15"]
[Round "6"]
[White "Jasny,S"]
[Black "Salai,L"]
[Result "0-1"]
[WhiteElo "2283"]
[BlackElo "2409"]

1.d4 Nf6 2.c4 g6 3.Nc3 Bg7 4.e4 d6 5.Be2 O-O 6.Nf3 e5 7.O-O exd4 8.Nxd4 Re8
9.f3 Nc6 10.Be3 Nh5 11.Nxc6 bxc6 12.Qd2 f5 13.g3 Qe7 14.Bd3 fxe4 15.Bxe4 Bd7
16.Bd4 Nf6 17.Rae1 Qf7 18.Bxf6 Qxf6 19.f4 Qd4+ 20.Qxd4 Bxd4+ 21.Kg2 Rab8
22.Re2 Bg4 23.Bf3 Rxe2+ 24.Nxe2 Bxf3+ 25.Kxf3 Bxb2 26.Rb1 Rb6 27.Ke4 Kf7
28.g4 a5 29.h4 a4 30.h5 d5+ 31.Kd3 gxh5 32.Rh1 hxg4 33.Rxh7+ Bg7 34.f5 Rb4
35.Nf4 Kg8 36.Rh4 Rxc4 37.Rxg4 Kf7 38.Rh4 Be5 39.Ng2 Rxh4 40.Nxh4 Kf6  0-1

[Event "Corus Reserve Group"]
[Site "Wijk aan Zee NED"]
[Date "2000.01.22"]
[Round "2"]
[White "Ivkov,B"]
[Black "Floor,D"]
[Result "1-0"]
[WhiteElo "2450"]
[BlackElo "2278"]

1.Nf3 Nf6 2.c4 g6 3.Nc3 Bg7 4.e4 d6 5.d4 O-O 6.Be2 e5 7.dxe5 dxe5 8.Qxd8 Rxd8
9.Bg5 c6 10.Nxe5 Re8 11.O-O-O Na6 12.f4 Nc5 13.Bf3 Nfxe4 14.Nxe4 Nxe4 15.Bxe4 f6
16.Bxf6 Bxf6 17.Rhe1 Bxe5 18.fxe5 Be6 19.b3 Re7 20.Bf3 Kg7 21.Kb2 Rae8 22.Kc3 c5
23.a3 Rf8 24.Rd6 b6 25.b4 cxb4+ 26.axb4 Bf5 27.Kd4 Bc2 28.c5 bxc5+ 29.bxc5 a5
30.c6 Rf4+ 31.Kc5 Bf5 32.Rd4 Rxd4 33.Kxd4 a4 34.Ra1 Ra7 35.Ra3 Ra5 36.Bd5 Kf8
37.e6 Ra8 38.Kc5 Ke7 39.c7 Rc8 40.Kc6  1-0

[Event "Corus Reserve Group"]
[Site "Wijk aan Zee NED"]
[Date "2000.01.24"]
[Round "4"]
[White "Ivkov,B"]
[Black "Werner,C"]
[Result "1-0"]
[WhiteElo "2450"]
[BlackElo "2314"]

1.Nf3 Nf6 2.c4 d6 3.d4 g6 4.Nc3 Bg7 5.e4 O-O 6.Be2 e5 7.dxe5 dxe5 8.Qxd8 Rxd8
9.Bg5 c6 10.Nxe5 Re8 11.O-O-O Na6 12.f4 h6 13.Bh4 g5 14.Bg3 Nc5 15.Bf3 g4
16.Bf2 gxf3 17.Bxc5 fxg2 18.Rhg1 Nh5 19.Nd3 Bxc3 20.bxc3 Rxe4 21.Rxg2+ Kh7
22.Bd4 Bh3 23.Rf2 Bf5 24.Nc5 Re7 25.Be5 b6 26.Nb3 f6 27.Bd6 Re3 28.Nd4 Be4
29.Kb2 Re8 30.c5 Ng7 31.f5 Bd5 32.Rg1 bxc5 33.Bxc5 Rb8+ 34.Nb3 Rf3 35.Rxf3 Bxf3
36.Bxa7 Rb7 37.Bd4 Nxf5 38.Bxf6 c5 39.c4 Be2 40.Kc3 Rb4 41.Nd2 Ra4 42.Re1 Kg6
43.Rxe2 Kxf6 44.Ne4+ Kf7 45.Nxc5 Ra3+ 46.Kb4 Rh3 47.Rf2 Rh5 48.a4 Ke7 49.Re2+ Kf6
50.Ne4+ Kf7 51.Ng3 Nxg3 52.hxg3 Rh3 53.Re3 h5 54.Ra3  1-0

[Event "Corus Reserve Group"]
[Site "Wijk aan Zee NED"]
[Date "2000.01.27"]
[Round "7"]
[White "Kalinin,Al"]
[Black "Bosboom,M"]
[Result "1/2-1/2"]
[WhiteElo "2422"]
[BlackElo "2461"]

1.d4 Nf6 2.Nf3 g6 3.c4 Bg7 4.Nc3 O-O 5.e4 d6 6.Be2 e5 7.O-O Nh5 8.Bg5 f6
9.Be3 Nf4 10.Bxf4 exf4 11.c5 Kh8 12.b4 g5 13.Rc1 f5 14.exf5  1/2-1/2

[Event "Corus Reserve Group"]
[Site "Wijk aan Zee NED"]
[Date "2000.01.29"]
[Round "9"]
[White "Cheparinov,I"]
[Black "Visser,Y"]
[Result "1/2-1/2"]
[WhiteElo "2089"]
[BlackElo "2406"]

1.d4 Nf6 2.c4 g6 3.Nc3 Bg7 4.e4 d6 5.Nf3 O-O 6.Be2 e5 7.Be3 c6 8.O-O Na6
9.a3 exd4 10.Nxd4 Re8 11.f3 d5 12.cxd5 Nxd5 13.Bf2 Nf4 14.Bxa6 bxa6 15.Nxc6 Qg5
16.g3 Nh3+ 17.Kg2 Nxf2 18.Rxf2 Qc5 19.Qd5 Bh3+ 20.Kg1 Qb6 21.Na4 Qe3 22.e5 Rac8
23.f4 Bf8 24.b4 Rxc6 25.Qxc6 Rc8 26.Qf3 Rc1+ 27.Rxc1 Qxc1+ 28.Rf1 Bxf1 29.Qxf1 Qxa3
30.Qxa6 Qxb4 31.Qxa7 Qe1+ 32.Kg2 Qe2+ 33.Kg1 Qe1+ 34.Kg2 Qe2+ 35.Kg1 h5 36.h4 Qe1+
37.Kh2 Qe2+ 38.Kh1 Qe1+ 39.Kh2 Qe2+ 40.Kh1 Qe4+ 41.Kh2  1/2-1/2

[Event "5th It"]
[Site "Montecatini Terme ITA"]
[Date "2000.01.30"]
[Round "2"]
[White "Vezzosi,P"]
[Black "Aldrovandi,C"]
[Result "1-0"]
[WhiteElo "2360"]
[BlackElo "2328"]

1.d4 Nf6 2.c4 g6 3.Nc3 Bg7 4.e4 d6 5.Be2 O-O 6.Be3 e5 7.Nf3 Ng4 8.Bg5 f6
9.Bh4 Nc6 10.d5 Ne7 11.Nd2 Nh6 12.f3 Nf7 13.g4 c5 14.Rb1 b6 15.Bd3 Qd7 16.Qa4 Qc7
17.Qc2 Kh8 18.Nf1 Ng8 19.Qg2 Bh6 20.Bf2 Bf4 21.Ng3 Rb8 22.O-O Ne7 23.b4 Ra8
24.Kh1 Rg8 25.Nge2 Qd8 26.a4 a5 27.bxa5 bxa5 28.Rb2 h5 29.Rg1 hxg4 30.fxg4 Kg7
31.Rgb1 Rh8 32.Bg3 g5 33.Ng1 Nh6 34.Be2 Qd7 35.Rb6 Nf7 36.Qf2 Qa7 37.Kg2 Bd2
38.R6b3 Ng6 39.Kf1 Bxc3 40.Rxc3 Bd7 41.Bd1 Rhb8 42.Rcc1 Rb4 43.Qa2 Nf4 44.h3 Rh8
45.Be1 Nxh3 46.Bxb4 axb4 47.Nxh3 Rxh3 48.Rb3 Rh1+ 49.Kg2 Re1 50.Rg3 Rxe4
51.a5 Qa6 52.Be2 Rf4 53.Rh1 e4 54.Qa1 Be8 55.Rgh3 Kf8 56.Rh7 Ke7 57.Rg7 b3
58.Qc3 Kf8 59.Rhh7 Qc8 60.Qxb3 Rxg4+ 61.Bxg4 Qxg4+ 62.Qg3 Qe2+ 63.Qf2 Qg4+
64.Kh2 f5 65.Rxf7+ Bxf7 66.a6 f4 67.a7 Qc8 68.Qb2 Ke7 69.Qg7  1-0

[Event "5th It"]
[Site "Montecatini Terme ITA"]
[Date "2000.01.30"]
[Round "2"]
[White "Passerotti,P"]
[Black "Mola,P"]
[Result "0-1"]
[WhiteElo "2278"]
[BlackElo "2234"]

1.d4 Nf6 2.Nf3 g6 3.c4 Bg7 4.Nc3 O-O 5.e4 d6 6.Be2 e5 7.O-O Nbd7 8.Qc2 exd4
9.Nxd4 Re8 10.Rd1 Nc5 11.f3 a5 12.Bf1 Nh5 13.g4 Nf6 14.Bg5 h6 15.Bh4 g5 16.Bf2 Ncd7
17.Nf5 Ne5 18.Be2 Bxf5 19.exf5 Qd7 20.Rac1 Re7 21.Rd2 Rae8 22.Qd1 Qc6 23.Nd5 Nxd5
24.cxd5 Qd7 25.a4 c6 26.Kg2 cxd5 27.Bb5 Nc6 28.Rxd5 Be5 29.Qb3 Qc7 30.Rdd1 Qb8
31.Rc2 Rc8 32.Re2 Nb4 33.Bb6 Nc6 34.Rde1 Rce8 35.Qd5 Qa8 36.h4 Kg7 37.Rc1 Nb4
38.Qd2 Bf4 39.Qd4+ f6 40.Rce1 Rxe2+ 41.Rxe2 Rxe2+ 42.Bxe2 Nc6 43.Qe4 Be5
44.Bc4 Qe8 45.b3 Qf8 46.Bd5 Qa8 47.Be3 Qa6 48.Bc4 Qa8 49.Bb5 Nb4 50.Qc4 d5
51.Qc5 Qd8 52.Qb6 Bc7 53.Qe6 Qg8 54.Bd7 Nc2 55.Bxg5 hxg5 56.hxg5 Qxe6 57.fxe6 Bd6
58.gxf6+ Kxf6 59.Kf2 Bf4 60.Bc8 b6 61.Bb7  0-1

[Event "Renome 2000"]
[Site "Bjeljina YUG"]
[Date "2000.01.31"]
[Round "6"]
[White "Genov,Peta"]
[Black "Lazic,Mi"]
[Result "1/2-1/2"]
[WhiteElo "2413"]
[BlackElo "2478"]

1.d4 d6 2.c4 Nf6 3.Nc3 g6 4.e4 Bg7 5.Nf3 O-O 6.Be2 e5 7.d5 Na6 8.Nd2 c5 9.a3 Ne8
10.Rb1 f5  1/2-1/2

[Event "Perenyi Mem"]
[Site "Gyula HUN"]
[Date "2000.01.31"]
[Round "8"]
[White "Danner,G"]
[Black "Vajda,L"]
[Result "1-0"]
[WhiteElo "2443"]
[BlackElo "2459"]

1.d4 Nf6 2.Nf3 g6 3.c4 Bg7 4.Nc3 O-O 5.e4 d6 6.Be2 e5 7.d5 a5 8.Bg5 Na6 9.Nd2 Qe8
10.a3 Kh8 11.h4 h6 12.Bxf6 Bxf6 13.h5 Bg7 14.Bg4 f5 15.Bh3 Nc5 16.Qe2 c6
17.O-O-O b5 18.dxc6 bxc4 19.hxg6 Nd3+ 20.Kb1 Nf4 21.Qxc4 Ba6 22.Nb5 fxe4
23.Nxe4 Qxg6 24.f3 d5 25.Rxd5 Nxd5 26.Qxd5 Bc8 27.Qd6 Rf6 28.Qd8+ Rf8 29.Qd6 Rf6
30.Qd8+ Rf8 31.Qd5 Rb8 32.c7 Bb7 33.cxb8=Q Bxd5 34.Qc7 Bxe4+ 35.fxe4 Qxe4+
36.Qc2 Qe3 37.Rd1 e4 38.Nc3 Rb8 39.Ka1 a4 40.Bf5  1-0

[Event "Perenyi Mem"]
[Site "Gyula HUN"]
[Date "2000.02.01"]
[Round "10"]
[White "Li Wenliang"]
[Black "Vajda,L"]
[Result "1-0"]
[WhiteElo "2444"]
[BlackElo "2459"]

1.d4 Nf6 2.Nf3 g6 3.c4 Bg7 4.Nc3 O-O 5.e4 d6 6.Be2 e5 7.Be3 Na6 8.O-O Ng4
9.Bg5 Qe8 10.dxe5 dxe5 11.h3 Nf6 12.Nd2 c6 13.a3 Nc5 14.b4 Ne6 15.Be3 Nd7
16.c5 f5 17.f3 Kh8 18.Nc4 Nd4 19.Nd6 Qe7 20.Bc4 b6 21.Ne2 bxc5 22.bxc5 Nxc5
23.Nxd4 exd4 24.Bxd4 Be6 25.Bxg7+ Qxg7 26.Bxe6 Nxe6 27.Re1 fxe4 28.Nxe4 Nd4
29.Qd3 Rad8 30.Qc4 Rd5 31.Rab1 Rfd8 32.a4 Qc7 33.Kh1 Rb8 34.Nf6 Rxb1 35.Rxb1 Rd8
36.Ne4 h6 37.Qc5 Kg7 38.Qc3 a5 39.Qc4 Qf7 40.Qc3 Kh7 41.Qxa5 Rd5 42.Qc3  1-0

[Event "2nd Novak Nikolic mem"]
[Site "Belgrade YUG"]
[Date "2000.02.02"]
[Round "1"]
[White "Zontakh,A"]
[Black "Martinovic,S"]
[Result "1-0"]
[WhiteElo "2576"]
[BlackElo "2448"]

1.d4 Nf6 2.c4 g6 3.Nc3 Bg7 4.e4 O-O 5.Nf3 d6 6.Be2 e5 7.Be3 Ng4 8.Bg5 f6
9.Bh4 Qe8 10.O-O Nh6 11.c5 dxc5 12.dxe5 fxe5 13.Qd5+ Kh8 14.Qxc5 c6 15.Rad1 Nf7
16.Bc4 Be6 17.Bxe6 Qxe6 18.Rd2 Re8 19.Rfd1 h6 20.h3 Bf8 21.Qe3 Na6 22.Nh2 Bc5
23.Qf3 Be7 24.Rd7 Nc5 25.Rxe7 Rxe7 26.Qf6+  1-0

[Event "NED-chT"]
[Site "Amsterdam NED"]
[Date "2000.02.05"]
[Round "1"]
[White "Hoeksema,E"]
[Black "Van Esch,S"]
[Result "1/2-1/2"]
[WhiteElo "2405"]
[BlackElo "2158"]

1.d4 Nf6 2.c4 d6 3.Nc3 Nbd7 4.e4 e5 5.Nf3 g6 6.Be2 Bg7 7.O-O O-O 8.Re1 c6
9.Bf1 h6 10.Rb1 Nh7 11.Be3 Ng5 12.Nxg5 hxg5 13.d5 c5 14.Nb5 Qe7 15.b4 b6
16.a3 a6 17.Nc3 f5 18.f3 f4 19.Bf2 Nf6 20.Na4 Qc7 21.h3 Rb8 22.Re2 Bd7 23.Reb2 Rfd8
24.bxc5 bxc5 25.Nb6 Qa7 26.Bd3 Rb7 27.Be1 Rdb8 28.Ba5 Bf8 29.Bc2 Be7 30.Nxd7 Rxb2
31.Nxb8 Qxb8 32.Qc1 Rxb1 33.Qxb1 Qxb1+ 34.Bxb1 Kf8 35.Bc2 Ke8 36.Ba4+ Nd7
37.Bc7 Bf8 38.Bc6 Ke7 39.Bb7 Nf6 40.Bxa6 Kd7 41.Bb6 Be7 42.Bb5+ Kc8 43.Ba5 Bd8
44.Bd2 Kc7 45.Kf2 Kb7 46.Ke2 Kb6 47.Kd3 Kb7 48.Be1 Ka7 49.Kc2 Kb7 50.Kb3 Kb6
51.Ka4 Ka7 52.Ba5 Bb6 53.Be1 Bd8 54.Kb3 Kb6 55.Kc2 Kb7 56.Kd3 Kb6 57.Ba4 Ka6
58.Bb5+ Kb6 59.Ke2 Kb7 60.h4 gxh4 61.Bxh4 Be7 62.Bxf6 Bxf6 63.Be8 Bh4 64.Bxg6 Bg3  1/2-1/2

[Event "5th HIT Open"]
[Site "Nova Gorica SLO"]
[Date "2000.02.05"]
[Round "5"]
[White "Lipinsky,F"]
[Black "Tratar,M"]
[Result "0-1"]
[WhiteElo "2313"]
[BlackElo "2439"]

1.d4 Nf6 2.c4 g6 3.Nf3 Bg7 4.Nc3 O-O 5.e4 d6 6.Be2 e5 7.O-O Nbd7 8.Be3 c6
9.d5 Ng4 10.Bg5 f6 11.Bh4 c5 12.Ne1 Nh6 13.g4 a6 14.a3 Qe8 15.Kh1 Kh8 16.Rg1 Rg8
17.Rb1 Bf8 18.Ng2 Be7 19.Ne3 Bd8 20.Qd2 Nf7 21.b4 Qf8 22.Nc2 Ng5 23.Qe3 Qh6
24.Bg3 Qf8 25.Rgf1 Nf7 26.Na4 b6 27.bxc5 bxc5 28.Ne1 Ba5 29.Nd3 Qe7 30.f3 Rf8
31.Nc1 Qd8 32.Rf2 Rb8 33.Rxb8 Nxb8 34.Bd3 Nd7 35.Rb2 Nb6 36.Nxb6 Bxb6 37.Bc2 Bd7
38.Qb3 Bc7 39.Qb7 Bc8 40.Qb3 Kg7 41.Ne2 Rh8 42.Kg2 h5 43.h3 Qg8 44.Ng1 hxg4
45.fxg4 Qh7 46.Bf2 Ng5 47.Qg3 Ba5 48.h4 Nf7 49.Bd1 g5 50.Qf3 gxh4 51.Be3 Qg6
52.Nh3 Nh6 53.Nf2 Be1 54.Kh3 Nf7 55.Re2 Bc3 56.Nd3 Bd4 57.Bc1 Bd7 58.Re1 Kf8
59.Rf1 Ke7 60.Ne1 Rg8 61.Ng2 Ng5+ 62.Bxg5 fxg5 63.Qb3 Qxe4  0-1

[Event "Extraliga CZE"]
[Site "Ostrava CZE"]
[Date "2000.02.05"]
[Round "8"]
[White "Neumann,P"]
[Black "Manik,M"]
[Result "1/2-1/2"]
[WhiteElo "2384"]
[BlackElo "2447"]

1.d4 Nf6 2.c4 g6 3.Nc3 Bg7 4.e4 d6 5.Nf3 O-O 6.Be2 e5 7.Be3 Ng4 8.Bg5 f6
9.Bc1 Nc6 10.O-O f5 11.Bg5 Bf6 12.Bxf6 Nxf6 13.dxe5 dxe5 14.exf5 Bxf5 15.Qb3 e4
16.Rad1 Qe7 17.Nd5 Nxd5 18.cxd5 Na5 19.d6+ Nxb3 20.dxe7 Rfe8 21.Nh4 Nc5 22.Nxf5 gxf5
23.Rd5 b6 24.b4 Nd3 25.Bxd3 exd3 26.Re1 Rac8 27.Rxd3 c5 28.bxc5 Rxc5 29.Rd7 Ra5
30.Re2 f4 31.f3 Kf7 32.Kf2 a6 33.g3 Rf5 34.g4 Ra5 35.h4 b5 36.Kg2 Ra3 37.g5 a5
38.Kf2 b4 39.Rb7 Rd3 40.Ra7 Ra3 41.h5 Kg7 42.Ra6 a4 43.h6+ Kg8 44.g6 hxg6
45.Rxg6+ Kh7 46.Rf6 Re3  1/2-1/2

[Event "Belgian Interteams 1999-2000"]
[Site "Antwerp BEL"]
[Date "2000.02.06"]
[Round "9"]
[White "Pajeken,W"]
[Black "Luminet,D"]
[Result "1-0"]
[WhiteElo "2313"]
[BlackElo "2279"]

1.d4 Nf6 2.c4 d6 3.Nc3 Nbd7 4.e4 e5 5.Nf3 g6 6.Be2 Bg7 7.O-O O-O 8.Be3 Re8
9.d5 Ng4 10.Bg5 f6 11.Bh4 Nh6 12.Nd2 a5 13.f3 Nf7 14.Qc2 Nc5 15.Nb3 Bh6 16.Bf2 b6
17.a3 Nxb3 18.Qxb3 f5 19.Qc2 Bg5 20.b4 Bh4 21.g3 Bf6 22.Kg2 Qd7 23.g4 fxg4
24.fxg4 Bg5 25.c5 bxc5 26.bxc5 dxc5 27.Na4 Nd6 28.Nxc5 Qe7 29.Bg3 Bh4 30.Qd2 Rb8
31.Rf2 Bxg3 32.hxg3 Rf8 33.Raf1 Rxf2+ 34.Rxf2 Bb7 35.Qa2 Rf8 36.Rxf8+ Kxf8
37.Bf3 Kg7 38.Ne6+ Kg8 39.Qb2 Bc8 40.Qb8 h5 41.gxh5 gxh5 42.Bxh5 Kh7 43.Bg4 Bxe6
44.Bxe6 Ne8 45.Qa8 Ng7 46.Bg8+ Kg6 47.Qxa5 Qd8 48.Qa6+ Kg5 49.Bf7 Qf6 50.Qxf6+ Kxf6
51.Bg8 Ke7 52.Kf3 Nh5 53.Bh7 Nf6 54.Bf5 Kd6 55.g4  1-0

[Event "2nd Novak Nikolic mem"]
[Site "Belgrade YUG"]
[Date "2000.02.06"]
[Round "4"]
[White "Sherbakov,R"]
[Black "Damljanovic,B"]
[Result "1/2-1/2"]
[WhiteElo "2552"]
[BlackElo "2534"]

1.d4 Nf6 2.c4 g6 3.Nc3 Bg7 4.e4 d6 5.Be2 O-O 6.Nf3 Na6 7.O-O e5 8.Be3 Ng4
9.Bg5 Qe8 10.dxe5 dxe5 11.h3 Nf6 12.Be3 b6 13.a3 Bb7 14.Qc2 Nd7 15.b4 c5
16.Nd5 Rc8 17.Nd2 Nc7 18.Qa4 Ne6 19.Qxa7 Bc6 20.Nxb6 Nxb6 21.Qxb6 Rb8 22.Qa5 Ra8
23.Qb6 Rb8 24.Qa5 Ra8  1/2-1/2

[Event "FSGM February"]
[Site "Budapest HUN"]
[Date "2000.02.07"]
[Round "3"]
[White "Li Wenliang"]
[Black "Wang Rui"]
[Result "1/2-1/2"]
[WhiteElo "2444"]
[BlackElo "2496"]

1.d4 Nf6 2.c4 g6 3.Nc3 Bg7 4.e4 d6 5.Nf3 O-O 6.Be2 e5 7.O-O Nbd7 8.Be3 c6
9.d5 Ng4 10.Bg5 f6 11.Bh4  1/2-1/2

[Event "5th HIT Open"]
[Site "Nova Gorica SLO"]
[Date "2000.02.07"]
[Round "7"]
[White "Stern,R"]
[Black "Tratar,M"]
[Result "1-0"]
[WhiteElo "2479"]
[BlackElo "2439"]

1.Nf3 Nf6 2.c4 g6 3.Nc3 Bg7 4.e4 d6 5.d4 O-O 6.Be2 e5 7.O-O c6 8.Re1 Na6
9.Bf1 Bg4 10.Be3 Ne8 11.Be2 Bxf3 12.Bxf3 exd4 13.Bxd4 Be5 14.Be3 Nc5 15.g3 Nf6
16.Bg2 Re8 17.f3 a5 18.Qc2 a4 19.Rad1 Qa5 20.Nb1 Qb4 21.Re2 a3 22.bxa3 Qa4
23.Qc1 Rad8 24.Red2 Qa5 25.Kh1 h5 26.Bg1 Na4 27.f4 Ba1 28.Qc2 h4 29.Bf3 hxg3
30.hxg3 Nh5 31.Kg2 Nb2 32.Rf1 Na4 33.Bf2 Nf6 34.Rfd1 Nb2 35.Rf1 Na4 36.Rfd1 Nb2
37.Rh1 Na4 38.Bd4 Bxd4 39.Rxd4 Nc5 40.Qb2 Na4 41.Qa1 Re6 42.Rdd1 Kf8 43.Rh8+ Ng8
44.Rdh1 Ke7 45.Qg7 Qa8 46.R1h7 Rf6 47.e5 dxe5 48.fxe5 Rf5 49.Qxg6  1-0

[Event "Goodricke Open"]
[Site "Calcutta IND"]
[Date "2000.02.08"]
[Round "3"]
[White "Najdoski,T"]
[Black "Saravanan,V"]
[Result "0-1"]
[WhiteElo "2548"]
[BlackElo "2412"]

1.d4 Nf6 2.c4 g6 3.Nc3 Bg7 4.e4 d6 5.Nf3 O-O 6.Be2 e5 7.O-O Nh5 8.Re1 Nf4
9.Bf1 Bg4 10.dxe5 dxe5 11.Qxd8 Rxd8 12.Nd5 Bxf3 13.Nxf4 exf4 14.gxf3 Be5
15.Rb1 Nc6 16.Be2 a5 17.b3 Kg7 18.Bb2 Rd2 19.Bxe5+ Nxe5 20.a3 Kf6 21.Kg2 b6
22.c5 bxc5 23.Rbc1 Rb8 24.Rxc5 Rxb3 25.Rxa5 Rbb2 26.Kf1 Nxf3 27.Bxf3 Rxf2+
28.Kg1 Rxf3 29.e5+ Kg7 30.Rc5 Rff2 31.Rxc7 Rg2+ 32.Kh1 Rxh2+ 33.Kg1 Rbg2+  0-1

[Event "Petroff Mem Open"]
[Site "St Petersburg RUS"]
[Date "2000.02.08"]
[Round "2"]
[White "Selin,O"]
[Black "Kazakov,V"]
[Result "1-0"]
[WhiteElo "2327"]
[BlackElo "2102"]

1.d4 Nf6 2.c4 g6 3.Nc3 Bg7 4.e4 O-O 5.Nf3 d6 6.Be2 e5 7.O-O Nbd7 8.Be3 Ng4
9.Bg5 f6 10.Bc1 Nh6 11.Qc2 a5 12.Rd1 exd4 13.Nxd4 Nc5 14.Nb3 Nxb3 15.Qxb3 Nf7
16.c5 Kh8 17.cxd6 Nxd6 18.Nb5 Qe7 19.Nxd6 cxd6 20.Qd5 f5 21.Be3 fxe4 22.Qxd6 Qxd6
23.Rxd6 Bxb2 24.Rc1 h5 25.Rc2 Be5 26.Rxg6 Bg4 27.Bxg4 hxg4 28.Rxg4 Rfe8 29.g3 Bg7
30.Rc7 Bf6 31.Rf7 Bc3 32.Rxb7 Rad8 33.Rb5 Rd1+ 34.Kg2 Re7 35.Rh5+ Rh7 36.Rc5 Re7
37.Rxc3  1-0

[Event "Petroff Mem Open"]
[Site "St Petersburg RUS"]
[Date "2000.02.08"]
[Round "2"]
[White "Selin,O"]
[Black "Kazakov,V"]
[Result "1-0"]
[WhiteElo "2327"]
[BlackElo "2102"]

1.d4 Nf6 2.c4 g6 3.Nc3 Bg7 4.e4 O-O 5.Nf3 d6 6.Be2 e5 7.O-O Nbd7 8.Be3 Ng4
9.Bg5 f6 10.Bc1 Nh6 11.Qc2 a5 12.Rd1 exd4 13.Nxd4 Nc5 14.Nb3 Nxb3 15.Qxb3 Nf7
16.c5 Kh8 17.cxd6 Nxd6 18.Nb5 Qe7 19.Nxd6 cxd6 20.Qd5 f5 21.Be3 fxe4 22.Qxd6 Qxd6
23.Rxd6 Bxb2 24.Rad1 h5 25.R1d2 Be5 26.Rxg6 Bg4 27.Bxg4 hxg4 28.Rxg4 Rfe8
29.g3 Bg7 30.Rd7 Bf6 31.Rf7 Bc3 32.Rxb7 Rad8 33.Rb5 Rd1+ 34.Kg2 Re7 35.Rh5+ Rh7
36.Rc5 Re7 37.Rxc3  1-0

[Event "Petroff Mem Open"]
[Site "St Petersburg RUS"]
[Date "2000.02.08"]
[Round "2"]
[White "Slavina,I"]
[Black "Kokorev,D"]
[Result "0-1"]
[WhiteElo "2261"]
[BlackElo "2370"]

1.d4 Nf6 2.Nf3 g6 3.c4 Bg7 4.Nc3 O-O 5.e4 d6 6.Be2 e5 7.O-O c6 8.dxe5 dxe5
9.Be3 Qe7 10.Nd2 Nbd7 11.Na4 b6 12.a3 Rd8 13.b4 Nf8 14.Nc3 Ne6 15.f3 Qf8
16.Ra2 Bh6 17.Bf2 Nd4 18.Kh1 Nh5 19.g3 Bg5 20.h4 Qh6 21.Be1 Be3 22.Kg2 Be6
23.a4 a6 24.Rh1 f5 25.Rb2 Rd7 26.b5 axb5 27.axb5 cxb5 28.Nd5 Bxd5 29.cxd5 Nf6
30.Bd3 Qf8 31.Nf1 Qa3 32.Rb1 Bh6 33.Bb4 Qa2+ 34.Kh3 Qf2 35.Nd2 Nh5 36.Qg1 Qxg1
37.Rhxg1 Bxd2 38.Bxd2 Nxf3 39.Rg2 Nxd2 40.Rxd2 Ra3 41.exf5 Rxd5 42.Rbd1 Kg7
43.fxg6 hxg6 44.Kh2 Nxg3 45.Be2 Rxd2 46.Rxd2 Nf5 47.Rd7+ Kh6 48.Bxb5 Nxh4
49.Rd6 Kg5 50.Re6 Re3 51.Be8 Kg4 52.Bxg6 Re2+ 53.Kg1 Nf3+ 54.Kf1 Rb2 55.Be8 Kg3
56.Rg6+ Kf4 57.Bc6 Ke3 58.Bxf3 Kxf3 59.Ke1 e4 60.Rh6 Ke3 61.Kd1 b5 62.Kc1 Rb4
63.Rh5 Rc4+ 64.Kb2 Rc8 65.Rxb5 Ke2  0-1

[Event "Petroff Mem Open"]
[Site "St Petersburg RUS"]
[Date "2000.02.08"]
[Round "2"]
[White "Belozerov,A"]
[Black "Kryschilovskij,A"]
[Result "1-0"]
[WhiteElo "2487"]
[BlackElo "2296"]

1.c4 Nf6 2.Nc3 g6 3.e4 d6 4.d4 Bg7 5.Be2 O-O 6.Nf3 e5 7.d5 Nbd7 8.Bg5 h6
9.Bh4 g5 10.Bg3 Nh5 11.h4 g4 12.Nh2 Nxg3 13.fxg3 h5 14.O-O Nf6 15.Bd3 Bh6
16.Qe2 Ne8 17.Rf2 Ng7 18.Re1 f5 19.exf5 Nxf5 20.Nxg4 Nxg3 21.Nxh6+ Kg7 22.Qe3 Qxh4
23.Rxf8 Kxf8 24.Ne4  1-0

[Event "Petroff Mem Open"]
[Site "St Petersburg RUS"]
[Date "2000.02.10"]
[Round "4"]
[White "Belozerov,A"]
[Black "Salinnikov,D"]
[Result "1-0"]
[WhiteElo "2487"]
[BlackElo "2403"]

1.c4 g6 2.d4 Nf6 3.Nc3 Bg7 4.e4 d6 5.Be2 O-O 6.Nf3 e5 7.d5 a5 8.Be3 Ng4 9.Bg5 f6
10.Bd2 Na6 11.h3 Nh6 12.h4 Nc5 13.h5 g5 14.Be3 c6 15.Nd2 cxd5 16.cxd5 f5
17.exf5 Nxf5 18.Bxc5 dxc5 19.Nde4 b6 20.d6 Kh8 21.h6 Nxh6 22.Qd2 Bf5 23.O-O-O b5
24.Bxb5 Rb8 25.a4 Bg6 26.f3 Nf5 27.Qxg5 Qxg5+ 28.Nxg5 Nd4 29.Bd3 Bxd3 30.Rxd3 Rf6
31.Nce4 Rg6 32.Rxh7+ Kg8 33.Rd1 Ne6 34.Nxe6 Kxh7 35.d7 Bh6+ 36.Kc2 Rxg2+
37.Kc3 Rgxb2 38.N4xc5 Rf2 39.Rd3  1-0

[Event "Petroff Mem Open"]
[Site "St Petersburg RUS"]
[Date "2000.02.10"]
[Round "4"]
[White "Kachar,V"]
[Black "Loginov,Va"]
[Result "1/2-1/2"]
[WhiteElo "2383"]
[BlackElo "2512"]

1.d4 Nf6 2.c4 g6 3.Nc3 Bg7 4.e4 d6 5.Nf3 O-O 6.Be2 e5 7.Be3 Ng4 8.Bg5 f6
9.Bc1 Nc6 10.d5 Ne7 11.Nh4 Nh6 12.g3 Nf7 13.Ng2 Bh3 14.O-O f5 15.f3 c5 16.Be3 Bh6
17.Qd2 Bxe3+ 18.Qxe3 Kg7 19.Nd1 Ng8 20.Nf2 Ng5 21.exf5 Bxf5 22.Qc3 Nf6 23.g4 Bd7
24.h4 Nf7 25.f4 Kg8 26.g5 Ne8 27.Bg4 exf4 28.Bxd7 Qxd7 29.Nd3 Ng7 30.Ndxf4 Ne5
31.Rae1 Rae8 32.b3 Qg4 33.Kh2 Nf5 34.Qh3 Nd4 35.Qxg4 Nxg4+ 36.Kh3 Ne5 37.Re3 Re7
38.Rd1 Ref7 39.Re4 b5 40.Ne6 Rf3+ 41.Kh2 Rf1 42.Rxf1 Rxf1 43.cxb5 Nef3+ 44.Kh3 Nd2
45.Rf4 Rxf4 46.Ngxf4 Nxb5 47.Ne2 c4 48.bxc4 Nxc4 49.a4 Nba3 50.Nc3 Nc2 51.Nd8 N2e3
52.Nc6 a5 53.Kg3  1/2-1/2

[Event "Petroff Mem Open"]
[Site "St Petersburg RUS"]
[Date "2000.02.10"]
[Round "4"]
[White "Pavlov,Al"]
[Black "Gavrilov,Al"]
[Result "1-0"]
[WhiteElo "2311"]
[BlackElo "2454"]

1.d4 Nf6 2.c4 g6 3.Nc3 Bg7 4.e4 d6 5.Nf3 O-O 6.Be2 e5 7.O-O Nbd7 8.Qc2 c6
9.Rd1 Qe7 10.d5 a5 11.Bg5 h6 12.Bh4 Nc5 13.Nd2 Qc7 14.b3 Bg4 15.f3 Bd7 16.a3 Na6
17.Qb2 c5 18.Qc2 Rae8 19.Nb5 Qb6 20.Bf2 Nh5 21.Rab1 Nf4 22.Bf1 Bc8 23.b4 axb4
24.axb4 Qd8 25.bxc5 dxc5 26.Nb3 b6 27.Ra1 Nb4 28.Qd2 f5 29.Ra7 fxe4 30.fxe4 Bg4
31.Rda1 Qg5 32.Kh1 Be2 33.Bg3 Bxf1 34.Rxf1 Nfxd5 35.Rf3 Qxd2 36.Nxd2 Nf6
37.Nc3 Nh5 38.Bh4 g5 39.Bf2 Rxf3 40.Nxf3 Nd3 41.Bg1 Nb2 42.Nd2 Rb8 43.Nd5 Nf6
44.Ne7+ Kh7 45.Nf5 Ne8 46.h3 Rd8 47.Bh2 Nd3 48.Nf3 Kg8 49.Bg3 Nf4 50.Kh2 Nd3
51.Rb7 Nf4 52.Nxe5 Ne6 53.Nf7 Ra8 54.N7xh6+ Kh8 55.Re7 Nf4 56.Nf7+ Kg8 57.Nxg5 Ng6
58.Rb7 Bf6 59.Nh6+ Kf8 60.Nh7+  1-0

[Event "Goodricke Open"]
[Site "Calcutta IND"]
[Date "2000.02.11"]
[Round "6"]
[White "Prakash,G"]
[Black "Peng Xiaomin"]
[Result "1/2-1/2"]
[WhiteElo "2435"]
[BlackElo "2624"]

1.d4 Nf6 2.c4 g6 3.Nc3 Bg7 4.e4 d6 5.Nf3 O-O 6.Be2 Nbd7 7.O-O e5 8.Be3 c6
9.Qc2 Ng4 10.Bg5 f6 11.Bc1 Qe7 12.h3 Nh6 13.Rd1 Nf7 14.b4 Ng5 15.d5 c5 16.Nxg5 fxg5
17.Nb5 cxb4 18.Nc7 Rb8 19.Ne6 Re8 20.Bxg5 Bf6 21.Be3 b6 22.a3 bxa3 23.Rxa3 Nc5
24.Nxc5 bxc5 25.Rda1 Rb7 26.Qd2 Rf8 27.Kh2 Qc7 28.g3 Qb8 29.h4 Rff7 30.h5 Rb2
31.Qe1 Rfb7 32.Qd1 Qc7 33.Bg4 Bg5 34.Bxg5 Rxf2+ 35.Kg1 Rbb2 36.Rxa7 Rg2+
37.Kh1 Rh2+  1/2-1/2

[Event "Goodricke Open"]
[Site "Calcutta IND"]
[Date "2000.02.12"]
[Round "7"]
[White "Gokhale,C"]
[Black "Girinath,P"]
[Result "1/2-1/2"]
[WhiteElo "2378"]
[BlackElo "2298"]

1.d4 Nf6 2.c4 g6 3.Nc3 Bg7 4.e4 d6 5.Nf3 O-O 6.Be2 e5 7.O-O Na6 8.dxe5 dxe5
9.b3 Qxd1 10.Rxd1 Re8 11.Ba3 Bf8 12.Bxf8 Kxf8 13.h3 c6 14.Bd3 Ng8 15.Na4 f6
16.c5 Nc7 17.Nb2 Rd8 18.Rac1 Be6 19.Kf1 Nh6 20.Ke2 Ke7 21.Nc4 Bxc4  1/2-1/2

[Event "It"]
[Site "Ptuj SLO"]
[Date "2000.02.13"]
[Round "4"]
[White "Polajzer,D"]
[Black "Mohr,G"]
[Result "1/2-1/2"]
[WhiteElo "2387"]
[BlackElo "2488"]

1.Nf3 Nf6 2.c4 g6 3.d4 Bg7 4.Nc3 O-O 5.e4 d6 6.Be2 e5 7.O-O exd4 8.Nxd4 Re8
9.f3 Nc6 10.Be3 Nh5 11.Nxc6 bxc6 12.g4 Nf6 13.Qd2 c5 14.Rad1 Bb7 15.Bg5 Qc8  1/2-1/2

[Event "8th Valle d'Aosta Open"]
[Site "Saint Vincent ITA"]
[Date "2000.02.13"]
[Round "2"]
[White "Franco Ocampos,Z"]
[Black "Safranska,A"]
[Result "1-0"]
[WhiteElo "2511"]
[BlackElo "2367"]

1.c4 Nf6 2.Nc3 g6 3.e4 d6 4.d4 Bg7 5.Be2 O-O 6.Nf3 e5 7.d5 a5 8.Bg5 h6 9.Bh4 Qe8
10.Nd2 Na6 11.O-O Nh7 12.Kh1 Bf6 13.Bxf6 Nxf6 14.a3 Bd7 15.b3 Qe7 16.Rb1 h5
17.b4 axb4 18.axb4 Ng4 19.h3 Kg7 20.Kg1 Nh6 21.Bd3 Qh4 22.c5 f5 23.c6 bxc6
24.dxc6 fxe4 25.Bxa6 Bxh3 26.g3 Qd8 27.Bc4 e3 28.fxe3 Bxf1 29.Nxf1 h4 30.g4 h3
31.Qe2 Qh4 32.Be6 Rf6 33.Bd7 Raf8 34.Ne4 Rf3 35.Nh2 Rg3+ 36.Kh1 Rg2 37.Qe1 Rff2
38.Nf3 Nf5 39.Nxh4 Rh2+ 40.Kg1  1-0

[Event "Petroff Mem Open"]
[Site "St Petersburg RUS"]
[Date "2000.02.13"]
[Round "6"]
[White "Tunik,G"]
[Black "Kondenko,A"]
[Result "1-0"]
[WhiteElo "2442"]
[BlackElo "2286"]

1.d4 Nf6 2.c4 g6 3.Nc3 Bg7 4.e4 d6 5.Nf3 O-O 6.Be2 e5 7.O-O Nbd7 8.Re1 h6
9.Qc2 c6 10.Bf1 a6 11.Rd1 Qe7 12.Rb1 b5 13.a3 exd4 14.Nxd4 Bb7 15.Nb3 Rac8
16.Bf4 Ne5 17.Qd2 g5 18.Bg3 c5 19.Qxd6 Qxd6 20.Rxd6 Nxc4 21.Bxc4 bxc4 22.Nd2 Nh5
23.Nxc4 Nxg3 24.hxg3 Rb8 25.Rbd1 Rfe8 26.f3 Bc8 27.Nd5 Be6 28.Rxa6 Red8 29.Kh2 Kh7
30.Rc6 Bd4 31.b4 Bxd5 32.exd5 Rxd5 33.Ne3 Re5 34.Nc2 Bf2 35.Rd2 cxb4 36.Rxf2 b3
37.Nb4 Ra5 38.Rb2 Rxa3 39.Nd5 Ra5 40.Nf6+ Kg7 41.g4 Rb7 42.Nh5+ Kh7 43.Ng3 Rb4
44.Nf5 h5 45.Rh6+ Kg8 46.Rxh5 f6 47.Kg3 Ra2 48.Rb1 Re2 49.Rbh1 b2 50.Rh7  1-0